Law of Contempt of Courts (Record no. 9607)
[ view plain ]
| 000 -LEADER | |
|---|---|
| fixed length control field | 00443nam a22001817a 4500 |
| 005 - DATE AND TIME OF LATEST TRANSACTION | |
| control field | 20260406125233.0 |
| 008 - FIXED-LENGTH DATA ELEMENTS--GENERAL INFORMATION | |
| fixed length control field | 260406b |||||||| |||| 00| 0 eng d |
| 020 ## - INTERNATIONAL STANDARD BOOK NUMBER | |
| International Standard Book Number | 9789385444074 |
| 041 ## - LANGUAGE CODE | |
| Language | English |
| 082 ## - DEWEY DECIMAL CLASSIFICATION NUMBER | |
| Classification number | 345.0243 JOS |
| 100 ## - MAIN ENTRY--PERSONAL NAME | |
| Main Author Name | Joshi, Nayan |
| 245 ## - TITLE STATEMENT | |
| Title | Law of Contempt of Courts |
| 250 ## - EDITION STATEMENT | |
| Edition | 2nd |
| 260 ## - PUBLICATION, DISTRIBUTION, ETC. | |
| Place of publication | New Delhi: |
| publisher Name | Kamal Publishers, |
| Date of publication | 2017. |
| 300 ## - PHYSICAL DESCRIPTION | |
| Number Of Page | 490 p |
| 650 ## - SUBJECT ADDED ENTRY--TOPICAL TERM | |
| Subject | Contempt of Courts |
| 942 ## - ADDED ENTRY ELEMENTS (KOHA) | |
| Koha item type | Donated Book |
| Lost status | Source of classification or shelving scheme | Not for loan | Home library | Current library | Date last seen | Koha item type | School | Total Checkouts | Full call number | Barcode | Price effective from | Withdrawn status | Date acquired | Source of acquisition | Cost, normal purchase price |
|---|---|---|---|---|---|---|---|---|---|---|---|---|---|---|---|
| Dewey Decimal Classification | BSOL | BSOL | 06/04/2026 | Donated Book | School of Law | 345.0243 JOS | G755 | 06/04/2026 | 06/04/2026 | prithivi Raj | 425.00 |

2cqr automation private limited, Chennai. All Rights Reserved.